书目信息 |
| 题名: |
车尔尼雪夫斯基
|
|
| 作者: | 冷冰 著 | |
| 分册: | ||
| 出版信息: | 沈阳 辽海出版社 2012 |
|
| 页数: | 209页 | |
| 开本: | 23cm | |
| 丛书名: | ||
| 单 册: | ||
| 中图分类: | B512.44 | |
| 科图分类: | ||
| 主题词: | ||
| 电子资源: | ||
| ISBN: | 978-7-5451-1178-1 | |
| 000 | 00846nam0 2200241 450 | |
| 001 | 338625 | |
| 005 | 20150602090932.28 | |
| 010 | @a978-7-5451-1178-1@dCNY27.00 | |
| 100 | @a20141212d2012 em y0chiy50 ea | |
| 101 | 0 | @achi |
| 102 | @aCN@b210000 | |
| 105 | @ay z 000yb | |
| 106 | @ar | |
| 200 | 1 | @a车尔尼雪夫斯基@Ache er ni xue fu si ji@f冷冰著 |
| 210 | @a沈阳@c辽海出版社@d2012 | |
| 215 | @a209页@d23cm | |
| 300 | @a中外巨人传 | |
| 330 | @a本书介绍了俄罗斯历史上著名的革命家、思想家、革命民主主义者车尔尼雪夫斯基的一生, 内容包括: 童年和中学时代、寻梦彼得堡、大学第一年、告别旧观念、在潮起潮落的年代成长、崭露头角的大学生等。 | |
| 600 | 0 | @a车尔尼雪夫斯基@c(Chernyshervski, Nikolai Gorrilovich@f1828-1889)@x传记 |
| 690 | @aB512.44@v5 | |
| 701 | 0 | @a冷冰@Aleng bing@4著 |
| 801 | 0 | @aCN@b卓展宏图@c20150525 |
| 905 | @dB512.44@e27@f4 | |
| 车尔尼雪夫斯基/冷冰著.-沈阳:辽海出版社,2012 |
| 209页;23cm |
| 中外巨人传 |
| ISBN 978-7-5451-1178-1:CNY27.00 |
| 本书介绍了俄罗斯历史上著名的革命家、思想家、革命民主主义者车尔尼雪夫斯基的一生, 内容包括: 童年和中学时代、寻梦彼得堡、大学第一年、告别旧观念、在潮起潮落的年代成长、崭露头角的大学生等。 |
| ● |
| 相关链接 |
|
|
|
|
正题名:车尔尼雪夫斯基
索取号:B512.44/27
 
预约/预借
| 序号 | 登录号 | 条形码 | 馆藏地/架位号 | 状态 | 备注 |
| 1 | 862930 | 208629304 | 第一样本阅览室/ [索取号:B512.44/27] | 在馆 | |
| 2 | 862931 | 208629313 | 第一借阅区/ [索取号:B512.44/27] | 在馆 | |
| 3 | 862932 | 208629322 | 第一借阅区/ [索取号:B512.44/27] | 在馆 | |
| 4 | 862933 | 208629331 | 第一借阅区/ [索取号:B512.44/27] | 在馆 |